Statistiques concernant Pays se terminant par A

Cliquez ici pour prendre le quiz!

Statistiques générales

  • Ce quiz a été pris 1 165 fois
  • Le résultat moyen est 13 sur 20

Statistiques - réponses

Réponses% Correct
Canada
87%
Angola
79%
Panama
78%
Nicaragua
74%
Guatemala
72%
Costa Rica
69%
Cuba
65%
Ghana
62%
Guyana
62%
Venezuela
61%
Antigua-et-Barbuda
59%
Ouganda
59%
Tonga
59%
Kenya
58%
Nigéria
58%
Rwanda
58%
Botswana
56%
Samoa
56%
Liberia
55%
Sri Lanka
42%

Distribution des résultats

Percentile par nombre de réponses

% des personnes avec chaque résultat

Votre développement - résultats

Vous n’avez pas pris ce quiz